| 000 | 01040cam a2200265 4500 | ||
|---|---|---|---|
| 001 | J122838 | ||
| 008 | 030618n2003 000 0 eng u | ||
| 035 | _a(Sirsi) u122838 | ||
| 041 | _aeng | ||
| 050 |
_a711.52 _c18 |
||
| 110 |
_aNeighbourhood Renewal Unit _94483 |
||
| 245 |
_aCase studies _bgood practice guide for businesses locating in deprived areas |
||
| 260 |
_aLondon _bNeighbourhood Renewal Unit _c2003 |
||
| 520 | _aReport using case studies to illustrate how businesses can deliver both social and economic benefits as well as improve their competitiveness. View at www.neighbourhood.gov.uk. | ||
| 650 | _aDEPRIVED AREAS | ||
| 650 | _aURBAN REGENERATION | ||
| 650 | _aBUSINESSES | ||
| 650 | _aLOCAL COMMUNITIES | ||
| 650 | _aETHNIC MINORITIES | ||
| 690 | _aREGENERATION | ||
| 710 |
_aBritish Retail Consortium _91582 |
||
| 710 |
_aCambridge Economic Associates _94464 |
||
| 856 |
_uhttps://www.communities.gov.uk/publications/corporate/changingpractices _zView the report at www.communities.gov.uk. |
||
| 942 | _n0 | ||
| 999 |
_c102943 _d102943 |
||